Democracia y derechos humanos/
El texto es una presentación de la relación necesaria entre democracia y los derechos humanos, en la que un sistema democrático siempre se va a adherir a los planteamientos de respeto y reconocimiento de las diferencias entre seres humanos que deben de ser tomadas en cuenta en diversos procesos soci...
Uloženo v:
| Hlavní autor: | |
|---|---|
| Médium: | Kniha |
| Jazyk: | Spanish |
| Témata: | |
| Tagy: |
Přidat tag
Žádné tagy, Buďte první, kdo vytvoří štítek k tomuto záznamu!
|
MARC
| LEADER | 00000nam a22000007a 4500 | ||
|---|---|---|---|
| 003 | cru CIDCACS/IIS | ||
| 005 | 20221010103648.0 | ||
| 007 | ta | ||
| 008 | 190208s2010 mx |||||r|||||||| ||spa|d | ||
| 040 | |c cru CIDCACS/IIS | ||
| 100 | 1 | |9 8318 |a Mancera Bado, Luis Manuel | |
| 245 | 1 | |a Democracia y derechos humanos/ |c Luis Manuel Mancera Bado | |
| 300 | |a páginas 20-22 | ||
| 520 | |a El texto es una presentación de la relación necesaria entre democracia y los derechos humanos, en la que un sistema democrático siempre se va a adherir a los planteamientos de respeto y reconocimiento de las diferencias entre seres humanos que deben de ser tomadas en cuenta en diversos procesos sociales para brindar oportunidades a todas las personas. FGO 10/10/2022 | ||
| 650 | 0 | |2 TESAURO OCDE |9 83 |a DEMOCRACIA | |
| 650 | 0 | |2 TESAURO OCDE |9 38 |a DERECHOS HUMANOS | |
| 650 | 0 | |2 TESAURO OCDE |9 4430 |a AUTORITARISMO | |
| 773 | 0 | |0 42169 |9 2646 |d México: Tribunal Electoral del Poder Judicial de la Federación, 2010 |o 15043 |t Contexto Electoral: | |
| 942 | |2 ddc |c LI | ||
| 999 | |c 42171 |d 42171 | ||
